00500nam a2200193 a 4500001001300000003000900013005001700022008004100039020001000080082001500090100002200105245002800127260004900155300001300204500003500217505001000252650002200262700002200284nice12345678IN_TiNIC20260116012332.0050524s1970 newa grp 000 0 eng  ac10000a269.2bHAQ aHaqq, Akbar Abdul aTheology of Evangelism. aNew DelhibAll India Prayer Fellowshipc1970 ano pages aincludes index and biblioraphy2 aIndex aEvangelistic Work1 aHaqq, Akbar Abdul